|
|
|
|
| LEADER |
00000nam0a2200000 4500 |
| 001 |
303872 |
| 005 |
20231102001639.0 |
| 035 |
|
|
|a (RuTPU)RU\TPU\book\329107
|
| 090 |
|
|
|a 303872
|
| 100 |
|
|
|a 20150907d1961 km y0rusy50 ca
|
| 101 |
0 |
|
|a rus
|
| 102 |
|
|
|a RU
|
| 105 |
|
|
|a a z 011zb
|
| 200 |
1 |
|
|a Техническая химия в творчестве М. В. Ломоносова
|f С. И. Вольфкович, В. В. Козлов
|
| 210 |
|
|
|a Москва
|c Изд-во МГУ
|d 1961
|
| 215 |
|
|
|a 82 с.
|c ил.
|
| 300 |
|
|
|a К 250-летию со дня рождения М. В. Ломаносова. 1711-1961
|
| 320 |
|
|
|a Библиогр.: с. 75-81.
|
| 600 |
|
1 |
|a Ломоносов
|g Михаил Васильевич
|b М. В.
|c ученый-естествоиспытатель, поэт, историк, художник, деятель просвещения, науки и экономики
|f 1711-1765
|2 stltpush
|3 (RuTPU)RU\TPU\pers\975
|
| 606 |
1 |
|
|a Химики
|x Персоналии
|2 stltpush
|3 (RuTPU)RU\TPU\subj\69968
|9 84576
|
| 610 |
1 |
|
|a химия
|
| 610 |
1 |
|
|a химическая наука
|
| 610 |
1 |
|
|a история
|
| 610 |
1 |
|
|a Россия
|
| 610 |
1 |
|
|a 18 век
|
| 610 |
1 |
|
|a биографии
|
| 610 |
1 |
|
|a техническая химия
|
| 675 |
|
|
|a 54(092)
|v 4
|
| 700 |
|
1 |
|a Вольфкович
|b С. И.
|c химик-технолог, академик АН СССР
|f 1896-1980
|g Семен Исаакович
|2 stltpush
|3 (RuTPU)RU\TPU\pers\45778
|9 21971
|
| 701 |
|
1 |
|a Козлов
|b В. В.
|g Владимир Вениаминович
|
| 801 |
|
1 |
|a RU
|b 63413507
|c 20150907
|
| 801 |
|
2 |
|a RU
|b 63413507
|c 20200124
|g RCR
|
| 942 |
|
|
|c BK
|